书目信息 |
| 题名: |
中国织绣鉴赏与收藏
|
|
| 作者: | 包铭新 编著 | |
| 分册: | ||
| 出版信息: | 上海 上海书店出版社 1997.07 |
|
| 页数: | 156页 | |
| 开本: | 32开 | |
| 丛书名: | ||
| 单 册: | ||
| 中图分类: | K875.2 | |
| 科图分类: | ||
| 主题词: | 文物--考古--中国 | |
| 电子资源: | ||
| ISBN: | 7-80622-261-8 | |
| 000 | 00587nam0 2200193 45 | |
| 001 | 0005111611 | |
| 005 | 20000511164035.7 | |
| 010 | @a7-80622-261-8@d40.00元 | |
| 100 | @a20000511d1997 km y0chiy0120 ea | |
| 101 | @achi | |
| 105 | @a z 000yy | |
| 200 | 1 | @a中国织绣鉴赏与收藏@AZhong Guo Zhi Xiu Jian Shang Yu Shou Cang@f包铭新,赵丰编著@FBao Ming Xin,Zhao Feng Bian Zhu |
| 210 | @a上海@c上海书店出版社@d1997.07 | |
| 215 | @a156页@d32开 | |
| 606 | 0 | @a文物@x考古@x中国 |
| 690 | @aK875.2@v3 | |
| 701 | @a包铭新@4编著 | |
| 801 | @aCN@bPftUser@c20000511 | |
| 905 | @f1@b54897@dK875.2@eB892 | |
| 中国织绣鉴赏与收藏/包铭新,赵丰编著.-上海:上海书店出版社,1997.07 |
| 156页;32开 |
| ISBN 7-80622-261-8:40.00元 |
| ● |
| 相关链接 |
|
|
|
正题名:中国织绣鉴赏与收藏
索取号:K875.2/B892
 
预约/预借
| 序号 | 登录号 | 条形码 | 馆藏地/架位号 | 状态 | 备注 |
| 1 | 54897 | 200548979 | 社科库309/309社科库 8排1列3层/ [索取号:K875.2/B892] | 在馆 |